SOFTWARE DESIGN METHODOLOGY (Record no. 215629)

MARC details
000 -LEADER
fixed length control field 00498nam a22001697a 4500
008 - FIXED-LENGTH DATA ELEMENTS--GENERAL INFORMATION
fixed length control field 250609b |||||||| |||| 00| 0 eng d
020 ## - INTERNATIONAL STANDARD BOOK NUMBER
International Standard Book Number 978-0-7506-6075-4
050 ## - LIBRARY OF CONGRESS CALL NUMBER
Classification number QA 76.76. D47 Z44 2005
Item number 1
100 ## - MAIN ENTRY--PERSONAL NAME
Personal name ZHU, HONG
245 ## - TITLE STATEMENT
Title SOFTWARE DESIGN METHODOLOGY
260 ## - PUBLICATION, DISTRIBUTION, ETC.
Place of publication, distribution, etc. AMSTERDAM
Name of publisher, distributor, etc. ELSEIVER BUTTERWORTH HEINEMAN
Date of publication, distribution, etc. 2005
300 ## - PHYSICAL DESCRIPTION
Extent VIII,340P
500 ## - GENERAL NOTE
General note INCLUDES BIBLIOGRAPHICAL REFERENCES AND INDEX
650 ## - SUBJECT ADDED ENTRY
Topical term or geographic name entry element SOFTWARE DESIGN
942 ## - ADDED ENTRY ELEMENTS (KOHA)
Source of classification or shelving scheme Library of Congress Classification
Koha item type Long Loan Book
Holdings
Withdrawn status Lost status Source of classification or shelving scheme Damaged status Not for loan Collection Home library Current library Date acquired Inventory number Total checkouts Full call number Barcode Date last seen Copy number Price effective from Koha item type
    Library of Congress Classification     Science & Technology Kisii University Library Kisii University Library 06/09/2025 108117   QA 76.76.D47 Z44 2005 000000023496 06/09/2025 1 06/09/2025 Long Loan Book
    Library of Congress Classification     Science & Technology Kisii University Library Kisii University Library 06/09/2025 108118   QA 76.76.D47 Z44 2005 000000023497 06/09/2025 2 06/09/2025 Long Loan Book
    Library of Congress Classification     Science & Technology Kisii University Library Kisii University Library 06/09/2025 108119   QA 76.76.D47 Z44 2005 000000023498 06/09/2025 3 06/09/2025 Long Loan Book
    Library of Congress Classification     Science & Technology Kisii University Library Kisii University Library 06/09/2025 108120   QA 76.76.D47 Z44 2005 000000023499 06/09/2025 4 06/09/2025 Long Loan Book